000 00312nam a2200121Ia 4500
008 220204s9999 xx 000 0 und d
082 _a658
_bCOO
100 _aCooper-Jones, Dennis
245 0 _aBusiness planning and forecasting
260 _aLondon
_bBusiness
_c1974
650 _aBusiness planning
942 _cBK
999 _c28315
_d28315